| 000 -LEADER |
| fixed length control field |
02872cam a2200385 a 4500 |
| 001 - CONTROL NUMBER |
| control field |
14824658 |
| 003 - CONTROL NUMBER IDENTIFIER |
| control field |
Nust- CAS-E |
| 005 - DATE AND TIME OF LATEST TRANSACTION |
| control field |
20180118181356.0 |
| 008 - FIXED-LENGTH DATA ELEMENTS--GENERAL INFORMATION |
| fixed length control field |
070426s2008 flua b 001 0 eng |
| 010 ## - LIBRARY OF CONGRESS CONTROL NUMBER |
| LC control number |
2007016833 |
| 020 ## - INTERNATIONAL STANDARD BOOK NUMBER |
| International Standard Book Number |
9781420046670 |
| 020 ## - INTERNATIONAL STANDARD BOOK NUMBER |
| International Standard Book Number |
1420046675 |
| 035 ## - SYSTEM CONTROL NUMBER |
| System control number |
(OCoLC)ocn123912502 |
| 035 ## - SYSTEM CONTROL NUMBER |
| System control number |
(OCoLC)123912502 |
| 040 ## - CATALOGING SOURCE |
| Original cataloging agency |
DLC |
| Transcribing agency |
DLC |
| Modifying agency |
BAKER |
| -- |
BTCTA |
| -- |
C#P |
| -- |
AGL |
| -- |
YDXCP |
| -- |
DLC |
| 050 00 - LIBRARY OF CONGRESS CALL NUMBER |
| Classification number |
HD9000.6 |
| Item number |
.P55 2008 |
| 082 00 - DEWEY DECIMAL CLASSIFICATION NUMBER |
| Classification number |
338.19 |
| Edition number |
22 |
| Author Mark |
PIM 2008 |
| 100 1# - MAIN ENTRY--PERSONAL NAME |
| Personal name |
Pimentel, David, |
| Dates associated with a name |
1925- |
| 245 10 - TITLE STATEMENT |
| Title |
Food, energy, and society / |
| Statement of responsibility, etc. |
David Pimentel, Marcia H. Pimentel. |
| 250 ## - EDITION STATEMENT |
| Edition statement |
3rd ed. |
| 260 ## - PUBLICATION, DISTRIBUTION, ETC. |
| Place of publication, distribution, etc. |
Boca Raton, FL : |
| Name of publisher, distributor, etc. |
CRC Press, |
| Date of publication, distribution, etc. |
c2008. |
| 300 ## - PHYSICAL DESCRIPTION |
| Extent |
xix, 380 p. : |
| Other physical details |
ill. ; |
| Dimensions |
25 cm. |
| 500 ## - GENERAL NOTE |
| General note |
Chapters by other authors as well. |
| 504 ## - BIBLIOGRAPHY, ETC. NOTE |
| Bibliography, etc. note |
Includes bibliographical references and index. |
| 505 0# - FORMATTED CONTENTS NOTE |
| Formatted contents note |
Energy and society -- Energy and power -- Solar energy in natural and managed ecosystems -- Ecological systems, natural resources, and food supplies -- Manipulating ecosystems for agriculture -- Hunter-gatherers and early agriculture-- Early livestock systems and animal power -- Livestock production and energy use -- Energy use in fish and aquacultural production / David Pimentel, Roland E. Shanks, and Jason C. Rylander -- Energy use in grain and legume production -- Energy use in fruit, vegetable, and forage production -- Energy inputs in crop production in developing and developed countries / David Pimentel ... [et al.] -- Environmental and economic costs of the application of pesticides primarily in the United States -- Water resources: agricultural and environmental issues / David Pimentel ... [et al.] -- Soil erosion: a food and environmental threat -- Conservation of biological diversity in agricultural, forestry, and marine systems / David Pimentel ... [et al.] -- Food processing, packaging, and preparation -- Transport of agricultural supplies and foods -- Renewable energy: current and potential issues / David Pimentel ... [et al.] -- Biomass: food versus fuel / David Pimentel ... [et al.] -- Ethanol production using corn, switchgrass, and wood; biodiesel production using soybean and sunflower / David Pimentel and Tad W. Patzek -- U.S. energy conservation and efficiency: benefits and costs / David Pimentel ... [et al.] -- Summing up: options and solutions. |
| 650 #0 - SUBJECT ADDED ENTRY--TOPICAL TERM |
| Topical term or geographic name entry element |
Food supply. |
| 650 #0 - SUBJECT ADDED ENTRY--TOPICAL TERM |
| Topical term or geographic name entry element |
Power resources. |
| 650 #0 - SUBJECT ADDED ENTRY--TOPICAL TERM |
| Topical term or geographic name entry element |
Agriculture |
| General subdivision |
Energy consumption. |
| 700 1# - ADDED ENTRY--PERSONAL NAME |
| Personal name |
Pimentel, Marcia. |
| 856 41 - ELECTRONIC LOCATION AND ACCESS |
| Materials specified |
Table of contents only |
| Uniform Resource Identifier |
<a href="http://www.loc.gov/catdir/toc/ecip0716/2007016833.html">http://www.loc.gov/catdir/toc/ecip0716/2007016833.html</a> |
| 856 42 - ELECTRONIC LOCATION AND ACCESS |
| Materials specified |
Publisher description |
| Uniform Resource Identifier |
<a href="http://www.loc.gov/catdir/enhancements/fy0827/2007016833-d.html">http://www.loc.gov/catdir/enhancements/fy0827/2007016833-d.html</a> |
| 906 ## - LOCAL DATA ELEMENT F, LDF (RLIN) |
| a |
7 |
| b |
cbc |
| c |
orignew |
| d |
1 |
| e |
ecip |
| f |
20 |
| g |
y-gencatlg |
| 942 ## - ADDED ENTRY ELEMENTS (KOHA) |
| Source of classification or shelving scheme |
|
| Koha item type |
Book |